|
|
|
|
| LEADER |
01081nam a2200301 4500 |
| 001 |
41346 |
| 003 |
BD-DhAAL |
| 005 |
20230725102705.0 |
| 008 |
230725t1959 enkab b 001 0 eng d |
| 010 |
|
|
|a 59007976
|
| 040 |
|
|
|a DLC
|c DLC
|d DLC
|d BD-DhAAL
|
| 043 |
|
|
|a a-ii---
|
| 050 |
0 |
0 |
|a DS423
|b .M76
|
| 082 |
0 |
0 |
|a 915.4
|
| 100 |
1 |
|
|a Mukerjee, Radhakamal,
|d 1889-1968.
|9 40943
|
| 245 |
1 |
4 |
|a The culture and art of India /
|c Radhakamal Mukerjee.
|
| 260 |
|
|
|a London :
|b George Allen & Unwin,
|c c1959.
|
| 300 |
|
|
|a 447 pages :
|b illustrations, maps ;
|c 25 cm.
|
| 490 |
0 |
|
|a Books that matter
|
| 504 |
|
|
|a Includes bibliographical references and index.
|
| 541 |
|
|
|a Donated By Akbar Ali Khan
|e 41346
|
| 650 |
|
0 |
|a Art
|z India.
|
| 651 |
|
0 |
|a India
|x Civilization.
|
| 830 |
|
|
|a Books that matter
|9 55198
|
| 852 |
|
|
|a Ayesha Abed Library
|c Akbar Ali Khan Collection
|
| 942 |
|
|
|2 ddc
|c BK
|
| 999 |
|
|
|c 46027
|d 46027
|
| 952 |
|
|
|0 0
|1 0
|2 ddc
|4 0
|6 915_400000000000000_MUK
|7 1
|9 74124
|a BRACUL
|b BRACUL
|c AAKC
|d 2023-07-25
|e Donated By Akbar Ali Khan
|l 0
|o 915.4 MUK
|p 3010041346
|r 2023-07-25
|t 1
|w 2023-07-25
|y BK
|